000 01186nam a22002897a 4500
003 0
005 20251018102629.0
008 251010b xxu||||| |||| 00| 0 eng d
020 _a978-1-84749-321-7
050 _aPR 4172
_b.B783 2020
100 _aBrontë, Emily,
_d1818-1848,
_eauthor.
245 _aWuthering Heights /
_cEmily Brontë ; with notes and extra material.
250 _aNew edition ; reprint 2020.
260 _aRichmond, Surrey :
_bAlma Classics,
_c2020.
300 _a313 pages ;
_c20 cm.
490 _aAlma Classics
500 _aOriginally published in 1847 under the pseudonym Ellis Bell. "New edition first published in 2013 by Alma Classics. Reprinted 2020." Includes notes, extra material, and a select bibliography.
504 _aIncludes bibliographical references.
520 _aThe turbulent and passionate story of Catherine Earnshaw and Heathcliff, set against the haunting landscape of the Yorkshire moors.
650 _aLove stories.
650 _aRevenge
_vFiction.
650 _aOrphans
_vFiction.
650 _aYorkshire (England)
_vFiction.
700 _aBrontë, Emily,
_d1818-1848.
830 _aAlma Classics.
942 _2lcc
_cBK
999 _c368219
_d368219